000 01106nam a22002657a 4500
005 20080905121451.0
008 110608t xxu||||| |||| 00| 0 hin d
010 _aHIN-92904
020 _c150.00
_a9788176752572
035 _aHN-65250
037 _bDBAD / PUB
040 _aDPL
_bHN
082 _a
100 _928442
_aप्रियंवदा, मनीषा
245 _aचल खुसरो घर आपने /
_cमनीषा प्रियंवदा
260 _aपंचकूला
_bआधार प्रकाशन
_c2010
270 _aएस.सी.एफ-267,, सेक्टर-16
_bपंचकूला (हरियाणा)
_e134113
_k0172- 2566952
_maadhar_prakashan@yahoo.com
300 _a108पृ
_c22सेमी (सजिल्द)
650 _928443
650 _928455
700 _928521
700 _928536
942 _adpl
_cHN
_2ddc
_mप्रियंव
_h
999 _c52844
_d52844